Gestión integral de proyectos.

Zapisane w:
Opis bibliograficzny
1. autor: Guerra Peña, Luis (autor)
Kolejni autorzy: Coronel Granado, Adriano (autor), Martínez de Irujo García, Luis (autor), Llorente Simón, Antonio (autor)
Format: Książka
Wydane: Madrid, España: Fundación Confemetal, [2009].
Hasła przedmiotowe:
Etykiety: Dodaj etykietę
Nie ma etykietki, Dołącz pierwszą etykiete!

MARC

LEADER 00000nam a22000007a 4500
003 CL-VaPUC
005 20250407202438.0
008 250307t2009 ||||| |||| 00| 0 eng d
999 |c 447153  |d 447151 
020 |a 978-84-95428-48-6 
040 |c Pontificia Universidad Católica de Valparaíso 
082 |a 658.404 GUE 2009 
100 |9 896388  |a Guerra Peña, Luis  |e autor 
245 |a Gestión integral de proyectos. 
260 |a Madrid, España:  |b Fundación Confemetal,  |c [2009]. 
300 |a 501 páginas. 
500 |a c.1-c.2. Instituto Arcos.08-01-2025. 
583 |c 20250307  |k Gabriela Rodríguez Cuevas 
650 0 |9 260970  |a Gestión de proyectos  |v Manuales 
650 0 |9 578027  |a Dirección de proyectos   |x Empresas 
700 |9 896389  |a Coronel Granado, Adriano  |e autor 
700 |9 896390  |a Martínez de Irujo García, Luis  |e autor 
700 |9 896391  |a Llorente Simón, Antonio  |e autor 
942 |2 ddc  |c BK  |n 0 
952 |0 0  |1 0  |2 ddc  |4 0  |6 658_404000000000000_GUE_2009  |7 0  |8 A  |9 600722  |a BIBINC  |b BIBINC  |d 2025-03-07  |e Instituto Arcos  |i 5665597  |o 658.404 GUE 2009  |p 5665597  |r 2025-03-07  |t 1  |w 2025-03-07  |y BK  |k IFP 
952 |0 0  |1 0  |2 ddc  |4 0  |6 658_404000000000000_GUE_2009  |7 0  |8 A  |9 600934  |a BIBINC  |b BIBINC  |d 2025-03-11  |i 5665599  |o 658.404 GUE 2009  |p 5665599  |r 2025-03-11  |t 2  |w 2025-03-11  |y BK  |k IFP